000 00254nam a22000977a 4500
999 _c10934
_d10934
008 180411b ||||| |||| 00| 0 eng d
020 _a9788177000245
100 _aArora Sumita
_96741
245 _aComputer Science-XII
260 _aNew Delhi
_bDhanpat Rai & Co